| 000 | 00000nas 2200000za 4500 |
| 001 | 9.846376 |
| 003 | CaOODSP |
| 005 | 20221107153205 |
| 007 | cr ||||||||||| |
| 008 | 171031d18721872oncar pso f0###a0eng|d |
| 040 | |aCaOODSP|beng |
| 043 | |an-cn--- |
| 086 | 1 |aR1-86E-PDF |
| 110 | 1 |aCanada.|bSecretary of State.|bIndian Branch. |
| 245 | 10|aAnnual report on Indian affairs, for year ending 30th June, ... |h[electronic resource]. |
| 260 | |aOttawa : |bPrinted by I.B. Taylor, |c1873. |
| 310 | |aAnnual |
| 362 | 0 |a1872. |
| 500 | |aTranscript of original print publication. |
| 500 | |a"Submitted by law to the House of Commons." |
| 500 | |aCover title. |
| 692 | 07|2gccst|aAboriginal affairs |
| 780 | 00|tReport of the Indian Branch of the Secretary of State for the provinces |w(CaOODSP)9.846375 |
| 785 | 00|tReport of the Indian Branch of the Department of the Minister of the Interior for the year ended 30th June, ... |w(CaOODSP)9.846377 |